Total quality management and operational excellence : Text with cases /

Guardado en:
Detalles Bibliográficos
Autores principales: Oakland, John S (Autor), Oakland, Robert J. (Autor)
Otros Autores: Turner, Michael A.
Formato: Libro
Lenguaje:inglés
Publicado: NY (USA) Routledge 2021
Edición:5. vydanie
Materias:
Etiquetas: Agregar Etiqueta
Sin Etiquetas, Sea el primero en etiquetar este registro!

MARC

LEADER 00000nam a22000003a 4500
001 0107160
003 SK-STU
005 20231219142815.3
007 ta
008 231219s ----xo-----e------000-0-----d
020 |a 978-1-138-67341-0 
040 |a STU  |b slo 
041 0 |a eng 
044 |a xxu 
100 1 |a Oakland, John S  |4 aut 
245 1 0 |a Total quality management and operational excellence :  |b Text with cases /  |c aut. John S Oakland, Robert J Oakland, Michael A Turner 
250 |a 5. vydanie 
260 |a NY (USA)  |b Routledge  |c 2021 
300 |a 535 s. 
650 0 7 |a riadenie kvality 
650 0 7 |a riadenie procesov 
650 0 7 |a ISO 9000 
650 0 7 |a TQM 
650 0 7 |a riadenie ľudských zdrojov 
650 0 7 |a Six Sigma 
700 1 |a Oakland, Robert J.  |4 aut 
700 1 |a Turner, Michael A. 
996 |b 284M089476  |c M* 14828-1  |l MMKN  |s A  |a 24  |w 0107160_0001